Cities Chain - Europe - Statistics

General Stats
  • This quiz has been taken 84 times
  • The average score is 13 of 16
Answer Stats
Country City % Correct
Belgium (starts with A) Antwerp
99%
Portugal Lisbon
99%
Greece Athens
97%
Turkey Istanbul
97%
Czech Republic Prague
97%
Finland Helsinki
96%
Sweden Stockholm
96%
Austria Vienna
96%
Italy Naples
95%
Russia Saint Petersburg
94%
United Kingdom Edinburgh
92%
Ukraine Kiev
92%
Poland Gdansk
83%
Belarus Minsk
65%
Poland Katowice
42%
Russia Elista
4%
No matching quizzes found
Score Distribution
Percent of People with Each Score
Percentile by Number Answered
Your Score History
You have not taken this quiz